| 000 | 00342nam a2200145Ia 4500 | ||
|---|---|---|---|
| 100 | _aAdams/J.T | ||
| 650 | _aElectrical Engineering | ||
| 942 | _cBK | ||
| 654 | _aElectricity | ||
| 245 | _aElectricity & Electrical Application Hand Book | ||
| 260 |
_bArco Pub.Co. _aNew York _c1976 |
||
| 082 | _a621.3 | ||
| 300 | _a617 | ||
| 546 | _aENGLISH | ||
| 999 |
_c34920 _d34920 |
||